Online
Catalog

Financiación de empresas : (Record no. 22369)

MARC details
000 -CABECERA
campo de control de longitud fija 01069nam a2200265 a 4500
001 - NÚMERO DE CONTROL
campo de control 000022872
005 - FECHA Y HORA DE LA ÚLTIMA TRANSACCIÓN
campo de control 20200930021841.0
008 - DATOS DE LONGITUD FIJA--INFORMACIÓN GENERAL
campo de control de longitud fija 101120s1967 sp a r 000 0 spa d
040 ## - FUENTE DE LA CATALOGACIÓN
Centro catalogador/agencia de origen DO-SdBNP
Lengua de catalogación spa
Centro/agencia transcriptor BNPHU
041 17 - CÓDIGO DE LENGUA
Código de lengua del texto/banda sonora o título independiente spa
Código de lengua original fre
Fuente del código Código de idioma MARC
082 ## - NÚMERO DE LA CLASIFICACIÓN DECIMAL DEWEY
Número de clasificación nnnn
Número de documento/Ítem D419f
049 ## - FONDOS LOCALES (OCLC)
Fondos de biblioteca BNGR
100 1# - ENTRADA PRINCIPAL--NOMBRE DE PERSONA
Nombre de persona Depallens, Georges,
9 (RLIN) 47004
240 10 - TÍTULO UNIFORME
Título uniforme Initiation aux probrèmes financiers de l´entreprise.
Lenguaje de la obra Español.
245 10 - MENCIÓN DE TÍTULO
Título Financiación de empresas :
Resto del título principios /
Mención de responsabilidad, etc. M. Georges Depallens ; traducido por A. Ibañez.
260 ## - PUBLICACIÓN, DISTRIBUCIÓN, ETC.
Lugar de publicación, distribución, etc. Bilbao, España :
Nombre del editor, distribuidor, etc. Deusto,
Fecha de publicación, distribución, etc. 1967.
300 ## - DESCRIPCIÓN FÍSICA
Extensión 4 v. :
Otras características físicas il. ;
Dimensiones 22 cm.
490 1# - MENCIÓN DE SERIE
Mención de serie Manuales prácticos de gestión de empresas
490 1# - MENCIÓN DE SERIE
Mención de serie E
500 ## - NOTA GENERAL
Nota general La biblioteca posee el vol. 3
504 ## - NOTA DE BIBLIOGRAFÍA, ETC.
Nota de bibliografía, etc. Incluye referencias bibliográficas y notas al pie de las páginas.
534 ## - NOTA SOBRE LA VERSIÓN ORIGINAL
Frase introductoria Título original en inglés:
Mención de título del original Initiation aux probrèmes financiers de l´entreprise.
Publicación, distribución, etc. del original París: L´Entreprise Moderne.
700 1# - PUNTO DE ACCESO ADICIONAL--NOMBRE DE PERSONA
Nombre de persona Ibañez, A.,
Término indicativo de función/relación tr.
9 (RLIN) 47005
830 #0 - PUNTO DE ACCESO ADICIONAL DE SERIE-TÍTULO UNIFORME
Título uniforme Manuales prácticos de gestión de empresas ;
Nombre de parte o sección de la obra E
9 (RLIN) 47006
Holdings
Estado de retiro Estado de pérdida Restricciones de uso No para préstamo Código de colección Localización permanente Ubicación/localización actual Ubicación en estantería Fecha de adquisición Número de inventario Total de préstamos Signatura topográfica completa Código de barras Fecha visto por última vez Precio válido a partir de Tipo de ítem Koha
    Préstamo interno   Monografías: Libros y Folletos General General En catalogación 20.11.2010 LF1   t. 3, e. 1 22872-10 25.06.2020 25.06.2020 Préstamo interno

Powered by Koha